Designing of Elastomer Nanocomposites: From Theory to Applications (Запис № 445548)

МАРК-запис
000 -LEADER
fixed length control field 05454nam a22006735i 4500
001 - CONTROL NUMBER
control field 978-3-319-47696-4
003 - CONTROL NUMBER IDENTIFIER
control field DE-He213
005 - DATE AND TIME OF LATEST TRANSACTION
control field 20210118122233.0
007 - PHYSICAL DESCRIPTION FIXED FIELD--GENERAL INFORMATION
fixed length control field cr nn 008mamaa
008 - FIXED-LENGTH DATA ELEMENTS--GENERAL INFORMATION
fixed length control field 161031s2017 gw | s |||| 0|eng d
020 ## - INTERNATIONAL STANDARD BOOK NUMBER
International Standard Book Number 9783319476964
-- 978-3-319-47696-4
024 7# - OTHER STANDARD IDENTIFIER
Standard number or code 10.1007/978-3-319-47696-4
Source of number or code doi
050 #4 - LIBRARY OF CONGRESS CALL NUMBER
Classification number QD380-388
072 #7 - SUBJECT CATEGORY CODE
Subject category code PNNP
Source bicssc
072 #7 - SUBJECT CATEGORY CODE
Subject category code TEC055000
Source bisacsh
072 #7 - SUBJECT CATEGORY CODE
Subject category code PNNP
Source thema
082 04 - DEWEY DECIMAL CLASSIFICATION NUMBER
Classification number 541.2254
Edition number 23
245 10 - TITLE STATEMENT
Title Designing of Elastomer Nanocomposites: From Theory to Applications
Medium [electronic resource] /
Statement of responsibility, etc edited by Klaus Werner Stöckelhuber, Amit Das, Manfred Klüppel.
250 ## - EDITION STATEMENT
Edition statement 1st ed. 2017.
264 #1 -
-- Cham :
-- Springer International Publishing :
-- Imprint: Springer,
-- 2017.
300 ## - PHYSICAL DESCRIPTION
Extent XII, 402 p.
Other physical details online resource.
336 ## -
-- text
-- txt
-- rdacontent
337 ## -
-- computer
-- c
-- rdamedia
338 ## -
-- online resource
-- cr
-- rdacarrier
347 ## -
-- text file
-- PDF
-- rda
490 1# - SERIES STATEMENT
Series statement Advances in Polymer Science,
Міжнародний стандартний серійний номер для назви серії (ISSN) 0065-3195 ;
Том/ позначення послідовності 275
505 0# - FORMATTED CONTENTS NOTE
Formatted contents note The extended non-affine tube model for crosslinked polymer networks: A summary of its physical basics, implementation and application to thermo-mechanical finite element analyses -- Reinforcement of rubber and filler network dynamics at small strains -- Multiscale Contact Mechanics with Application to Seals and Rubber Friction on Dry and Lubricated Surfaces -- Multiscale modeling approach to dynamic-mechanical behavior of elastomer nanocomposites -- Networks - from rubbers to food -- Nanostructured Ionomeric Elastomers -- Graphene based elastomer nanocomposites: Functionalization techniques, morphology and physical properties -- Characterization and Application of Graphene Nano-Platelets in Elastomers -- The tearing energy as fracture mechanical quantity for elastomers.
520 ## - SUMMARY, ETC.
Summary, etc The series Advances in Polymer Science presents critical reviews of the present and future trends in polymer and biopolymer science. It covers all areas of research in polymer and biopolymer science including chemistry, physical chemistry, physics, material science. The thematic volumes are addressed to scientists, whether at universities or in industry, who wish to keep abreast of the important advances in the covered topics. Advances in Polymer Science enjoys a longstanding tradition and good reputation in its community. Each volume is dedicated to a current topic, and each review critically surveys one aspect of that topic, to place it within the context of the volume. The volumes typically summarize the significant developments of the last 5 to 10 years and discuss them critically, presenting selected examples, explaining and illustrating the important principles, and bringing together many important references of primary literature. On that basis, future research directions in the area can be discussed. Advances in Polymer Science volumes thus are important references for every polymer scientist, as well as for other scientists interested in polymer science - as an introduction to a neighboring field, or as a compilation of detailed information for the specialist. Review articles for the individual volumes are invited by the volume editors. Single contributions can be specially commissioned. Readership: Polymer scientists, or& nbsp;scientists in related fields interested in polymer and biopolymer science, at universities or in industry, graduate students.
506 ## - RESTRICTIONS ON ACCESS NOTE
Terms governing access Available to subscribing member institutions only. Доступно лише організаціям членам підписки.
506 ## - RESTRICTIONS ON ACCESS NOTE
Standardized terminology for access restriction Online access from local network of NaUOA.
506 ## - RESTRICTIONS ON ACCESS NOTE
Standardized terminology for access restriction Online access with authorization at https://link.springer.com/
506 ## - RESTRICTIONS ON ACCESS NOTE
Standardized terminology for access restriction Онлайн-доступ з локальної мережі НаУОА.
506 ## - RESTRICTIONS ON ACCESS NOTE
Standardized terminology for access restriction Онлайн доступ з авторизацією на https://link.springer.com/
650 #0 - SUBJECT ADDED ENTRY--TOPICAL TERM
Topical term or geographic name as entry element Polymers  .
650 #0 - SUBJECT ADDED ENTRY--TOPICAL TERM
Topical term or geographic name as entry element Materials science.
650 #0 - SUBJECT ADDED ENTRY--TOPICAL TERM
Topical term or geographic name as entry element Condensed matter.
650 #0 - SUBJECT ADDED ENTRY--TOPICAL TERM
Topical term or geographic name as entry element Ceramics.
650 #0 - SUBJECT ADDED ENTRY--TOPICAL TERM
Topical term or geographic name as entry element Glass.
650 #0 - SUBJECT ADDED ENTRY--TOPICAL TERM
Topical term or geographic name as entry element Composites (Materials).
650 #0 - SUBJECT ADDED ENTRY--TOPICAL TERM
Topical term or geographic name as entry element Composite materials.
650 14 - SUBJECT ADDED ENTRY--TOPICAL TERM
Topical term or geographic name as entry element Polymer Sciences.
-- http://scigraph.springernature.com/things/product-market-codes/C22008
650 24 - SUBJECT ADDED ENTRY--TOPICAL TERM
Topical term or geographic name as entry element Characterization and Evaluation of Materials.
-- http://scigraph.springernature.com/things/product-market-codes/Z17000
650 24 - SUBJECT ADDED ENTRY--TOPICAL TERM
Topical term or geographic name as entry element Condensed Matter Physics.
-- http://scigraph.springernature.com/things/product-market-codes/P25005
650 24 - SUBJECT ADDED ENTRY--TOPICAL TERM
Topical term or geographic name as entry element Ceramics, Glass, Composites, Natural Materials.
-- http://scigraph.springernature.com/things/product-market-codes/Z18000
700 1# - ADDED ENTRY--PERSONAL NAME
Personal name Stöckelhuber, Klaus Werner.
Relator term editor.
Relator code edt
-- http://id.loc.gov/vocabulary/relators/edt
700 1# - ADDED ENTRY--PERSONAL NAME
Personal name Das, Amit.
Relator term editor.
Relator code edt
-- http://id.loc.gov/vocabulary/relators/edt
700 1# - ADDED ENTRY--PERSONAL NAME
Personal name Klüppel, Manfred.
Relator term editor.
Relator code edt
-- http://id.loc.gov/vocabulary/relators/edt
710 2# - ADDED ENTRY--CORPORATE NAME
Corporate name or jurisdiction name as entry element SpringerLink (Online service)
773 0# - HOST ITEM ENTRY
Title Springer eBooks
776 08 - ADDITIONAL PHYSICAL FORM ENTRY
Display text Printed edition:
International Standard Book Number 9783319476957
776 08 - ADDITIONAL PHYSICAL FORM ENTRY
Display text Printed edition:
International Standard Book Number 9783319476971
776 08 - ADDITIONAL PHYSICAL FORM ENTRY
Display text Printed edition:
International Standard Book Number 9783319838007
830 #0 - SERIES ADDED ENTRY--UNIFORM TITLE
Uniform title Advances in Polymer Science,
-- 0065-3195 ;
Volume number/sequential designation 275
856 40 - ELECTRONIC LOCATION AND ACCESS
Uniform Resource Identifier <a href="https://doi.org/10.1007/978-3-319-47696-4">https://doi.org/10.1007/978-3-319-47696-4</a>
912 ## -
-- ZDB-2-CMS
942 ## - ADDED ENTRY ELEMENTS (KOHA)
Koha item type ЕКнига

Немає доступних примірників.